[Event "HUN-chT2 Erkel 1314"]
[Site "Hungary"]
[Date "2014.03.23"]
[Round "9.4"]
[White "Balogh, Zoltan"]
[Black "Szilvasi, Tibor"]
[Result "1/2-1/2"]
[WhiteElo "2062"]
[BlackElo "2153"]
[PlyCount "104"]
[EventDate "2013.09.08"]
[EventType "team-tourn"]
[EventRounds "11"]
[EventCountry "HUN"]
[SourceTitle "EXT 2016"]
[Source "ChessBase"]
[SourceDate "2015.10.08"]
[SourceVersion "1"]
[SourceVersionDate "2015.10.08"]
[SourceQuality "1"]
[WhiteTeam "Vizugy"]
[BlackTeam "Budapest EAC II"]
[WhiteTeamCountry "HUN"]
[BlackTeamCountry "HUN"]

1. e4 c5 2. Nc3 Nc6 3. g3 g6 4. Bg2 Bg7 5. d3 e6 6. Be3 Nd4 7. Nge2 Rb8 8. a4 Ne7 9. 0-0 0-0 10. Qd2 d6 11. Rab1 Qa5 12. b4 cxb4 13. Nxd4 bxc3 14. Qc1 Qxa4 15. Nb5 Nc6 16. Nxd6 Nd4 17. Bxd4 Bxd4 18. Nb5 e5 19. Rb3 Be6 20. Nxc3 Bxc3 21. Rxc3 Rfc8 22. Rxc8+ Rxc8 23. c4 b5 24. Qc3 bxc4 25. dxc4 Qxc4 26. Qxe5 Qc5 27. Qf6 a5 28. h4 h5 29. Rd1 a4 30. e5 Qc2 31. Rd4 a3 32. Be4 Qc3 33. Rd6 Qe1+ 34. Kh2 Qxe4 35. Rxe6 a2 36. Re7 Qf5 37. Qxf5 gxf5 38. Ra7 Rc2 39. Kg2 Kf8 40. Kf3 Ke8 41. Ke3 Kd8 42. f3 Rg2 43. Kf4 Ke8 44. Kxf5 Rxg3 45. f4 Rg4 46. Rxa2 Rxh4 47. Ra8+ Ke7 48. Ra7+ Kf8 49. Ra8+ Kg7 50. Ra7 Kf8 51. Ra8+ Kg7 52. Ra7 Kf8 1/2-1/2

[Event "HUN-chT2 Erkel 1314"]
[Site "Hungary"]
[Date "2013.11.03"]
[Round "4.5"]
[White "Bodi, Tamas"]
[Black "Szilvasi, Tibor"]
[Result "1-0"]
[WhiteElo "2111"]
[BlackElo "2153"]
[PlyCount "77"]
[EventDate "2013.09.08"]
[EventType "team-tourn"]
[EventRounds "11"]
[EventCountry "HUN"]
[SourceTitle "EXT 2016"]
[Source "ChessBase"]
[SourceDate "2015.10.08"]
[SourceVersion "1"]
[SourceVersionDate "2015.10.08"]
[SourceQuality "1"]
[WhiteTeam "Andornaktalya"]
[BlackTeam "Budapest EAC II"]
[WhiteTeamCountry "HUN"]
[BlackTeamCountry "HUN"]

1. d4 d5 2. Nf3 Nf6 3. Bf4 c5 4. c3 Nc6 5. e3 Qb6 6. Qb3 c4 7. Qc2 Bf5 8. Qc1 e6 9. Be2 Ne4 10. Nfd2 g5 11. Bg3 Nxg3 12. hxg3 Bg7 13. Na3 Bg6 14. g4 e5 15. Nf3 h6 16. Nc2 f6 17. Nd2 Bd3 18. b3 Bxe2 19. Kxe2 Qa6 20. bxc4 exd4 21. exd4 0-0 22. Qa3 Na5 23. Ne3 Rfe8 24. Rab1 Rac8 25. Rb5 Nxc4 26. Qxa6 bxa6 27. Ndxc4 axb5 28. Nd6 Rxe3+ 29. fxe3 Rxc3 30. Nxb5 Rc2+ 31. Kf3 Rxa2 32. Nc3 Ra5 33. Rb1 Bf8 34. Rb7 Bg7 35. Rd7 Kf8 36. Nxd5 a6 37. Ke4 Rb5 38. Nc7 Rb6 39. Kf5 1-0

[Event "HUN-chT2 Erkel 1314"]
[Site "Hungary"]
[Date "2013.10.20"]
[Round "3.4"]
[White "Toth, Levente"]
[Black "Szilvasi, Tibor"]
[Result "1-0"]
[WhiteElo "2050"]
[BlackElo "2153"]
[PlyCount "61"]
[EventDate "2013.09.08"]
[EventType "team-tourn"]
[EventRounds "11"]
[EventCountry "HUN"]
[SourceTitle "EXT 2016"]
[Source "ChessBase"]
[SourceDate "2015.10.08"]
[SourceVersion "1"]
[SourceVersionDate "2015.10.08"]
[SourceQuality "1"]
[WhiteTeam "Gyongyos Matra"]
[BlackTeam "Budapest EAC II"]
[WhiteTeamCountry "HUN"]
[BlackTeamCountry "HUN"]

1. e4 c5 2. c3 d5 3. exd5 Qxd5 4. d4 Nc6 5. Nf3 Bg4 6. Be2 e6 7. h3 Bh5 8. c4 Qd7 9. g4 Bg6 10. d5 exd5 11. cxd5 Nb4 12. Nc3 0-0-0 13. Ne5 Qd6 14. Bf4 Nc2+ 15. Kf1 Nxa1 16. Nb5 Qb6 17. g5 Bf5 18. Qa4 a6 19. Nc4 Qxb5 20. Qxb5 Rd7 21. Nb6+ Kd8 22. Qa5 Bd6 23. Nc4+ Ke7 24. Nxd6 Bg6 25. Qxc5 Kd8 26. Qb6+ Ke7 27. Bg4 f5 28. gxf6+ Nxf6 29. Bxd7 Nxd7 30. Bg5+ Nf6 31. Qc7+ 1-0

[Event "Budapest-chT1 Lilienthal 1314"]
[Site "Budapest"]
[Date "2013.10.13"]
[Round "2"]
[White "Szilvasi, Tibor"]
[Black "Palla, Akos Botond"]
[Result "1/2-1/2"]
[WhiteElo "2153"]
[BlackElo "2076"]
[PlyCount "92"]
[EventDate "2013.09.29"]
[EventType "team-tourn"]
[EventRounds "11"]
[EventCountry "HUN"]
[SourceTitle "EXT 2021"]
[Source "ChessBase"]
[SourceDate "2020.10.23"]
[SourceVersion "1"]
[SourceVersionDate "2020.10.23"]
[SourceQuality "1"]
[WhiteTeam "Budapest EAC III"]
[BlackTeam "Sarkany II"]
[WhiteTeamCountry "HUN"]
[BlackTeamCountry "HUN"]

1. e4 c5 2. Nf3 d6 3. d4 cxd4 4. Nxd4 Nf6 5. Nc3 g6 6. Bc4 Bg7 7. Bb3 Nc6 8. h3 0-0 9. Be3 Bd7 10. 0-0 a6 11. a4 Na5 12. Qd3 Bc6 13. Ba2 Be8 14. Nd5 Nc6 15. f4 Nxd5 16. Bxd5 Nb4 17. Qd2 Nxd5 18. exd5 Rc8 19. b3 Qc7 20. c4 b5 21. axb5 axb5 22. Rac1 bxc4 23. bxc4 Bd7 24. f5 Be5 25. Kh1 Ra8 26. Bh6 Bg7 27. Qe3 Rae8 28. Bxg7 Kxg7 29. Qg3 Qb6 30. Qh4 f6 31. Qe4 Qb2 32. Rb1 Qc3 33. Rb7 Bxf5 34. Nxf5+ gxf5 35. Rxf5 Rf7 36. Kh2 Kh8 37. Qe6 Rg7 38. Qe2 Qd4 39. Rc7 Qh4 40. Rf3 Qg5 41. Rf2 Qe5+ 42. Qxe5 fxe5 43. c5 dxc5 44. Rxc5 e6 45. d6 Rd8 46. Rxe5 Rxd6 1/2-1/2

[Event "Budapest-chT1 Lilienthal 1213"]
[Site "Budapest"]
[Date "2013.03.10"]
[Round "9"]
[White "Lehocz, Jozsef"]
[Black "Szilvasi, Tibor"]
[Result "0-1"]
[WhiteElo "2099"]
[BlackElo "2156"]
[PlyCount "86"]
[EventDate "2012.09.30"]
[EventType "team-tourn"]
[EventRounds "11"]
[EventCountry "HUN"]
[SourceTitle "EXT 2019"]
[Source "ChessBase"]
[SourceDate "2018.10.10"]
[SourceVersion "1"]
[SourceVersionDate "2018.10.10"]
[SourceQuality "1"]
[WhiteTeam "Budapest REAC SISE"]
[BlackTeam "Budapest EAC"]
[WhiteTeamCountry "HUN"]
[BlackTeamCountry "HUN"]

1. e4 c5 2. Nf3 d6 3. d4 cxd4 4. Nxd4 Nf6 5. Nc3 a6 6. Bg5 e6 7. f4 Be7 8. Qf3 Qc7 9. 0-0-0 b5 10. Bd3 Bb7 11. Kb1 Nbd7 12. g4 h6 13. Bxf6 Bxf6 14. Nce2 b4 15. h4 Qb6 16. Nb3 Nc5 17. g5 Be7 18. f5 exf5 19. Qxf5 Bc8 20. Qf2 Nd7 21. Qg2 Ne5 22. gxh6 Rxh6 23. Qxg7 Rg6 24. Qh7 Bf8 25. Nf4 Rh6 26. Qg8 Bg4 27. Nd5 Qa7 28. Rdf1 0-0-0 29. Qg5 Be6 30. Nxb4 a5 31. Ba6+ Kc7 32. Nxa5 Rb8 33. Nac6 Nxc6 34. Nd5+ Bxd5 35. exd5 Ne5 36. Bc4 Qd4 37. Bb3 Rg6 38. Qf5 Rg2 39. Rh3 Rb5 40. h5 Bh6 41. Qf6 Bg5 42. Rc3+ Qxc3 43. Qxf7+ Nxf7 0-1

[Event "Budapest-chT1 Lilienthal 1213"]
[Site "Budapest"]
[Date "2013.02.03"]
[Round "7"]
[White "Szilvasi, Tibor"]
[Black "Bodrogi, Laszlo"]
[Result "0-1"]
[WhiteElo "2156"]
[BlackElo "2038"]
[PlyCount "90"]
[EventDate "2012.09.30"]
[EventType "team-tourn"]
[EventRounds "11"]
[EventCountry "HUN"]
[SourceTitle "EXT 2019"]
[Source "ChessBase"]
[SourceDate "2018.10.10"]
[SourceVersion "1"]
[SourceVersionDate "2018.10.10"]
[SourceQuality "1"]
[WhiteTeam "Budapest EAC"]
[BlackTeam "Fabulon"]
[WhiteTeamCountry "HUN"]
[BlackTeamCountry "HUN"]

1. e4 c5 2. Nf3 Nc6 3. d4 cxd4 4. Nxd4 e6 5. Nc3 a6 6. Be3 Nge7 7. Nb3 b5 8. Be2 d6 9. 0-0 Ng6 10. f4 Qc7 11. Qe1 Bb7 12. Qf2 Rc8 13. Rae1 Be7 14. Bh5 0-0 15. a3 Bh4 16. g3 Bf6 17. Bb6 Qb8 18. Nd4 Nxd4 19. Bxd4 Bxd4 20. Qxd4 Ne7 21. Bf3 Nc6 22. Qb6 Ne7 23. e5 Bxf3 24. Qxb8 Rxb8 25. Rxf3 d5 26. Ne2 Nf5 27. g4 Nh4 28. Rf2 Rfc8 29. Nd4 Rc4 30. c3 a5 31. f5 b4 32. axb4 axb4 33. fxe6 fxe6 34. Nxe6 Rxg4+ 35. Kf1 bxc3 36. bxc3 Rc4 37. Nf4 Rxc3 38. Nxd5 Rf3 39. e6 Rxf2+ 40. Kxf2 Ng6 41. Ke3 Re8 42. Kd4 Ne7 43. Ke5 Nxd5 44. Kxd5 Ra8 45. Rd1 Rd8+ 0-1

[Event "HUN-chT2 Erkel 1213"]
[Site "Hungary"]
[Date "2013.01.27"]
[Round "6.6"]
[White "Gara, Gyorgy"]
[Black "Szilvasi, Tibor"]
[Result "1/2-1/2"]
[WhiteElo "2133"]
[BlackElo "2215"]
[PlyCount "47"]
[EventDate "2012.09.16"]
[EventType "team-tourn"]
[EventRounds "11"]
[EventCountry "HUN"]
[SourceTitle "EXT 2014"]
[Source "ChessBase"]
[SourceDate "2013.11.20"]
[SourceVersion "1"]
[SourceVersionDate "2013.11.20"]
[SourceQuality "1"]
[WhiteTeam "Matra"]
[BlackTeam "BEAC II"]
[WhiteTeamCountry "HUN"]
[BlackTeamCountry "HUN"]

1. d4 d5 2. Bg5 Nf6 3. e3 c5 4. dxc5 Ne4 5. Bh4 g5 6. Bg3 Bg7 7. c3 Nc6 8. Nd2 Nxc5 9. Qc2 0-0 10. h4 g4 11. h5 h6 12. Rd1 Qb6 13. b4 Nd7 14. Nb3 Nf6 15. Bd3 a6 16. a4 e5 17. b5 axb5 18. axb5 e4 19. Bf1 Ne7 20. Be5 Bd7 21. Bd4 Qc7 22. Nc5 Nf5 23. Nxd7 Qxd7 24. Qb2 1/2-1/2

[Event "Budapest-chT1 Lilienthal 1213"]
[Site "Budapest"]
[Date "2012.12.09"]
[Round "5"]
[White "Szilvasi, Tibor"]
[Black "Letay, Gyula"]
[Result "1-0"]
[WhiteElo "2156"]
[BlackElo "1996"]
[PlyCount "55"]
[EventDate "2012.09.30"]
[EventType "team-tourn"]
[EventRounds "11"]
[EventCountry "HUN"]
[SourceTitle "EXT 2019"]
[Source "ChessBase"]
[SourceDate "2018.10.10"]
[SourceVersion "1"]
[SourceVersionDate "2018.10.10"]
[SourceQuality "1"]
[WhiteTeam "Budapest EAC"]
[BlackTeam "Budapest Vasas II"]
[WhiteTeamCountry "HUN"]
[BlackTeamCountry "HUN"]

1. e4 c5 2. Nf3 d6 3. d4 cxd4 4. Nxd4 Nf6 5. Nc3 a6 6. Be2 e5 7. Nb3 Be6 8. f4 Qc7 9. f5 Bc4 10. Be3 Nbd7 11. Nd2 Bxe2 12. Qxe2 b5 13. Rc1 Be7 14. 0-0 Nc5 15. Qf3 b4 16. Nd5 Nxd5 17. exd5 0-0 18. Kh1 Bf6 19. Bxc5 Qxc5 20. Ne4 Qc7 21. Qh5 Qe7 22. g4 h6 23. Rg1 Bg5 24. f6 Bxf6 25. g5 hxg5 26. Rcf1 Rac8 27. Rxf6 gxf6 28. Qh6 1-0

[Event "Budapest-chT1 Lilienthal 1112"]
[Site "Budapest"]
[Date "2012.04.29"]
[Round "11"]
[White "Szilvasi, Tibor"]
[Black "Ruszin, Peter"]
[Result "1-0"]
[WhiteElo "2119"]
[BlackElo "2055"]
[PlyCount "69"]
[EventDate "2011.10.02"]
[EventType "team-tourn"]
[EventRounds "11"]
[EventCountry "HUN"]
[SourceTitle "EXT 2020"]
[Source "ChessBase"]
[SourceDate "2019.10.17"]
[SourceVersion "1"]
[SourceVersionDate "2019.10.17"]
[SourceQuality "1"]
[WhiteTeam "Budapest EAC III"]
[BlackTeam "Budapest Ujpest KSE"]
[WhiteTeamCountry "HUN"]
[BlackTeamCountry "HUN"]

1. e4 d6 2. d4 Nf6 3. Nc3 g6 4. g3 Bg7 5. Bg2 0-0 6. Nge2 e5 7. 0-0 Nc6 8. dxe5 dxe5 9. Be3 a6 10. h3 Be6 11. Nd5 Qd7 12. Kh2 Ne8 13. Bc5 Rd8 14. Bxf8 Bxf8 15. Ne3 Qe7 16. Qe1 Bh6 17. Rd1 Rxd1 18. Qxd1 Qb4 19. b3 Qa3 20. Qa1 Bg7 21. c3 a5 22. Rd1 a4 23. bxa4 Qxa4 24. Rd2 Nd6 25. Qb1 Qa7 26. Nc1 Bh6 27. Re2 Qc5 28. Qc2 Nb5 29. Nd5 Na3 30. Nd3 Qc4 31. Qd1 Nb5 32. Rc2 b6 33. N3b4 Na3 34. Nxc6 Nxc2 35. Qxc2 1-0

[Event "HUN-chT2 Breyer 1112"]
[Site "Hungary"]
[Date "2012.02.19"]
[Round "6.5"]
[White "Rosta, Sandor"]
[Black "Szilvasi, Tibor"]
[Result "1/2-1/2"]
[WhiteElo "2141"]
[BlackElo "2119"]
[PlyCount "100"]
[EventDate "2011.09.25"]
[EventType "team-tourn"]
[EventRounds "11"]
[EventCountry "HUN"]
[SourceTitle "EXT 2013"]
[Source "ChessBase"]
[SourceDate "2012.11.22"]
[SourceVersion "1"]
[SourceVersionDate "2012.11.22"]
[SourceQuality "1"]
[WhiteTeam "Szazhalombatta"]
[BlackTeam "BEAC II"]
[WhiteTeamCountry "HUN"]
[BlackTeamCountry "HUN"]

1. e4 c5 2. Nc3 Nc6 3. g3 g6 4. Bg2 Bg7 5. d3 Nd4 6. Be3 e6 7. Nf3 Ne7 8. Qd2 Qb6 9. Rb1 0-0 10. 0-0 d5 11. Bh6 Nxf3+ 12. Bxf3 d4 13. Bxg7 Kxg7 14. Ne2 e5 15. Bg2 Be6 16. b3 f6 17. f4 Qd6 18. h4 Bg4 19. Bf3 Qe6 20. Rf2 Rf7 21. Rbf1 Raf8 22. Kh2 Bxf3 23. Rxf3 Qg4 24. Ng1 exf4 25. Rxf4 Qe6 26. Nf3 h6 27. Ng1 Nc6 28. h5 g5 29. Rf5 Ne5 30. Qe2 b5 31. g4 c4 32. Kh3 cxd3 33. cxd3 Qc6 34. Qd2 Rc8 35. Ne2 Qc2 36. Rd1 Qxd2 37. Rxd2 Rd7 38. Rf1 b4 39. Ra1 Nf3 40. Rb2 Ne5 41. Rd2 Rc5 42. Kg3 Kf7 43. Rg1 Ke7 44. Rf1 Rc3 45. Rfd1 Rc5 46. Rc1 Rxc1 47. Nxc1 Rc7 48. Ne2 Rd7 49. Nc1 Rc7 50. Ne2 Rd7 1/2-1/2

[Event "HUN-chT2 Breyer 1112"]
[Site "Hungary"]
[Date "2012.01.29"]
[Round "5.5"]
[White "Szilvasi, Tibor"]
[Black "Furesz, Jozsef"]
[Result "1-0"]
[WhiteElo "2119"]
[BlackElo "2038"]
[PlyCount "93"]
[EventDate "2011.09.25"]
[EventType "team-tourn"]
[EventRounds "11"]
[EventCountry "HUN"]
[SourceTitle "EXT 2013"]
[Source "ChessBase"]
[SourceDate "2012.11.22"]
[SourceVersion "1"]
[SourceVersionDate "2012.11.22"]
[SourceQuality "1"]
[WhiteTeam "BEAC II"]
[BlackTeam "Turul"]
[WhiteTeamCountry "HUN"]
[BlackTeamCountry "HUN"]

1. e4 g6 2. d4 Bg7 3. Nc3 d6 4. Be3 a6 5. g3 Nc6 6. Bg2 e5 7. Nge2 b5 8. 0-0 Bg4 9. f3 Bd7 10. Qd2 Nce7 11. g4 b4 12. Nd1 Bb5 13. Rf2 Rb8 14. c3 Nc6 15. d5 bxc3 16. Ndxc3 Bxe2 17. Nxe2 Nce7 18. Rc1 f5 19. Qc3 f4 20. Bxf4 Rb7 21. b3 Nf6 22. Be3 0-0 23. Qa5 Qa8 24. Rxc7 Rb5 25. Qd2 Qd8 26. Ra7 Nd7 27. Rxa6 Nc5 28. Bxc5 Rxc5 29. Ng3 Nc8 30. b4 Rc4 31. Rc6 Rxc6 32. dxc6 Qb6 33. Qd5+ Kh8 34. b5 Bh6 35. Kf1 Be3 36. Rc2 Bc5 37. a4 Qa5 38. Qb3 Nb6 39. Ra2 Ra8 40. Ne2 Nc8 41. Ng3 Qd8 42. Qf7 Nb6 43. a5 Qg5 44. f4 Qh6 45. axb6 Rxa2 46. Qxa2 Bxb6 47. g5 1-0

[Event "HUN-chT2 Erkel 1011"]
[Site "Hungary"]
[Date "2011.04.17"]
[Round "9.6"]
[White "Feher, Laszlo"]
[Black "Szilvasi, Tibor"]
[Result "0-1"]
[WhiteElo "2059"]
[BlackElo "2110"]
[PlyCount "106"]
[EventDate "2010.09.12"]
[EventType "team-tourn"]
[EventRounds "11"]
[EventCountry "HUN"]
[SourceTitle "EXT 2012"]
[Source "ChessBase"]
[SourceDate "2011.11.24"]
[SourceVersion "1"]
[SourceVersionDate "2011.11.24"]
[SourceQuality "1"]
[WhiteTeam "Dunaharaszti II"]
[BlackTeam "Barcza"]
[WhiteTeamCountry "HUN"]
[BlackTeamCountry "HUN"]

1. d4 d5 2. Nf3 Nf6 3. e3 c5 4. c3 Nc6 5. Bd3 Bg4 6. Nbd2 cxd4 7. exd4 e6 8. 0-0 Bd6 9. h3 Bh5 10. Be2 0-0 11. Ne5 Bxe2 12. Qxe2 Qc7 13. f4 a6 14. g4 Nd7 15. g5 Ne7 16. Qg4 Bxe5 17. fxe5 b5 18. h4 Nf5 19. Rf3 b4 20. Nf1 Rfc8 21. Ng3 g6 22. h5 bxc3 23. bxc3 Qa5 24. Nxf5 exf5 25. Qg3 Nf8 26. a3 Ne6 27. Rb1 Rab8 28. Rb4 Rxb4 29. axb4 Qa1 30. Qe1 Nxd4 31. Rd3 Rxc3 32. Rxc3 Qxc3 33. Qxc3 Ne2+ 34. Kf2 Nxc3 35. hxg6 hxg6 36. Ke3 Nb5 37. Bb2 Kf8 38. Kd3 Ke7 39. Bc1 Kd7 40. Bd2 Kc6 41. Bc1 Nc7 42. Kc3 Ne6 43. Bd2 Kb5 44. Kd3 f4 45. Ke2 Kc4 46. Kf3 Kd4 47. Bxf4 Nxf4 48. Kxf4 Kc3 49. e6 fxe6 50. Ke5 d4 51. Kxe6 d3 52. Kf6 d2 53. Kxg6 d1Q 0-1

[Event "Budapest-chT1 Lilienthal 1011"]
[Site "Budapest"]
[Date "2011.02.27"]
[Round "9"]
[White "Szilvasi, Tibor"]
[Black "Czuczai, Jeno"]
[Result "1-0"]
[WhiteElo "2110"]
[BlackElo "2137"]
[PlyCount "97"]
[EventDate "2010.09.19"]
[EventType "team-tourn"]
[EventRounds "11"]
[EventCountry "HUN"]
[SourceTitle "EXT 2020"]
[Source "ChessBase"]
[SourceDate "2019.10.17"]
[SourceVersion "1"]
[SourceVersionDate "2019.10.17"]
[SourceQuality "1"]
[WhiteTeam "Budapest EAC III"]
[BlackTeam "Budapest Ujpest KSE"]
[WhiteTeamCountry "HUN"]
[BlackTeamCountry "HUN"]

1. e4 e6 2. d4 d5 3. Nd2 Nf6 4. e5 Nfd7 5. f4 c5 6. c3 Nc6 7. Ndf3 cxd4 8. cxd4 b5 9. Bd3 g6 10. Ne2 Qb6 11. 0-0 Bg7 12. Kh1 0-0 13. g4 b4 14. b3 f5 15. gxf5 exf5 16. Be3 a5 17. h4 Ba6 18. h5 Nd8 19. Rg1 Bxd3 20. Qxd3 Qa6 21. Qd1 Re8 22. Nh4 Nf8 23. Rc1 Nf7 24. Ng3 Nh6 25. Qf3 Rad8 26. Rc5 Qe6 27. Rxa5 Ng4 28. hxg6 hxg6 29. Bd2 Kf7 30. Kg2 Ra8 31. Bxb4 Rxa5 32. Bxa5 Rc8 33. Ne2 Rc2 34. Rc1 Rxc1 35. Nxc1 Qc6 36. Qc3 Qa6 37. Nf3 Ne6 38. Ng5+ Nxg5 39. fxg5 f4 40. Nd3 Ne3+ 41. Kf3 Qe6 42. Nxf4 Qg4+ 43. Kxe3 Qg3+ 44. Ke2 Qh2+ 45. Kf3 Qh1+ 46. Ng2 Qh5+ 47. Kf2 Qxg5 48. Qc7+ Kg8 49. Qd8+ 1-0

[Event "HUN-chT2 Breyer 0910"]
[Site "Hungary"]
[Date "2010.04.18"]
[Round "10"]
[White "Finszter, Mate"]
[Black "Szilvasi, Tibor"]
[Result "1-0"]
[WhiteElo "2094"]
[BlackElo "2159"]
[PlyCount "57"]
[EventDate "2009.11.08"]
[EventType "team-tourn"]
[EventRounds "11"]
[EventCountry "HUN"]
[SourceTitle "EXT 2011"]
[Source "ChessBase"]
[SourceDate "2010.11.26"]
[SourceVersion "1"]
[SourceVersionDate "2010.11.26"]
[SourceQuality "1"]
[WhiteTeam "Gyor Komszomol"]
[BlackTeam "BEAC II"]
[WhiteTeamCountry "HUN"]
[BlackTeamCountry "HUN"]

1. d4 d5 2. Nc3 Nf6 3. Bg5 c5 4. Bxf6 gxf6 5. e4 dxe4 6. dxc5 Qa5 7. Qh5 Bg7 8. 0-0-0 Be6 9. a3 Nc6 10. Bb5 0-0 11. Nge2 Ne5 12. f4 a6 13. fxe5 axb5 14. Rd4 fxe5 15. Rxe4 f5 16. Rh4 h6 17. Rb4 Bc4 18. Rd1 Qc7 19. Ng3 e4 20. Nxb5 Qxc5 21. Rxc4 Qxc4 22. Nxf5 Qf7 23. Nxh6+ Bxh6+ 24. Qxh6 Qf5 25. Nc3 Rad8 26. Re1 Rd4 27. Qh4 Qf4+ 28. Qxf4 Rxf4 29. Ne2 1-0

[Event "HUN-chT2 Breyer 0910"]
[Site "Hungary"]
[Date "2010.02.28"]
[Round "7"]
[White "Szilvasi, Tibor"]
[Black "Hatala, Sandor"]
[Result "1-0"]
[WhiteElo "2159"]
[BlackElo "2015"]
[PlyCount "89"]
[EventDate "2009.11.08"]
[EventType "team-tourn"]
[EventRounds "11"]
[EventCountry "HUN"]
[SourceTitle "EXT 2011"]
[Source "ChessBase"]
[SourceDate "2010.11.26"]
[SourceVersion "1"]
[SourceVersionDate "2010.11.26"]
[SourceQuality "1"]
[WhiteTeam "BEAC II"]
[BlackTeam "Honved II"]
[WhiteTeamCountry "HUN"]
[BlackTeamCountry "HUN"]

1. e4 d6 2. d4 Nf6 3. Nc3 g6 4. g3 Bg7 5. Bg2 0-0 6. Nge2 Nbd7 7. 0-0 c5 8. h3 a6 9. Be3 Qc7 10. Qd2 Rb8 11. a4 e5 12. dxc5 dxc5 13. Nd5 Nxd5 14. Qxd5 b6 15. Nc3 Bb7 16. Qc4 Nf6 17. f4 Rbe8 18. f5 Rd8 19. g4 Rd4 20. Bxd4 exd4 21. Nd5 Nxd5 22. exd5 Qd6 23. Rae1 Bh6 24. Qb3 b5 25. axb5 axb5 26. c4 dxc3 27. Qxc3 Rd8 28. Qe5 Bf8 29. f6 c4 30. Qxd6 Bxd6 31. Re7 Bc5+ 32. Kh1 Bc8 33. Re2 Kf8 34. Rd1 Rd6 35. g5 Bd7 36. Ra1 Bc8 37. Ra8 Rd8 38. h4 Bb6 39. d6 Be6 40. Rxd8+ Bxd8 41. Bc6 b4 42. Re5 c3 43. bxc3 bxc3 44. Rc5 h6 45. Rxc3 1-0

[Event "HUN-chT2 Breyer 0809"]
[Site "Hungary"]
[Date "2009.01.25"]
[Round "6"]
[White "Szilvasi, Tibor"]
[Black "Deak, Ferenc"]
[Result "0-1"]
[WhiteElo "2159"]
[BlackElo "2215"]
[PlyCount "44"]
[EventDate "2008.10.26"]
[EventType "team-tourn"]
[EventRounds "11"]
[EventCountry "HUN"]
[SourceTitle "EXT 2010"]
[Source "ChessBase"]
[SourceDate "2010.11.25"]
[SourceVersion "1"]
[SourceVersionDate "2010.11.25"]
[SourceQuality "1"]
[WhiteTeam "BEAC II"]
[BlackTeam "Tatai Honved"]
[WhiteTeamCountry "HUN"]
[BlackTeamCountry "HUN"]

1. e4 e6 2. d4 d5 3. Nd2 c5 4. Ngf3 Nc6 5. c3 Nf6 6. exd5 exd5 7. Bb5 Bd6 8. dxc5 Bxc5 9. Qe2+ Be7 10. Ne5 Qc7 11. 0-0 a6 12. Nxc6 bxc6 13. Ba4 Ra7 14. Re1 0-0 15. Nb3 Bd6 16. Be3 Bxh2+ 17. Kh1 Bg4 18. Qc2 Qe5 19. f3 Qh5 20. fxg4 Nxg4 21. g3 Bxg3+ 22. Kg1 Re7 0-1

[Event "HUN-chT2 Breyer 0809"]
[Site "Hungary"]
[Date "2008.10.26"]
[Round "1"]
[White "Szilvasi, Tibor"]
[Black "Sugar, Gabor"]
[Result "1-0"]
[WhiteElo "2159"]
[BlackElo "2078"]
[PlyCount "107"]
[EventDate "2008.10.26"]
[EventType "team-tourn"]
[EventRounds "11"]
[EventCountry "HUN"]
[SourceTitle "EXT 2010"]
[Source "ChessBase"]
[SourceDate "2010.11.25"]
[SourceVersion "1"]
[SourceVersionDate "2010.11.25"]
[SourceQuality "1"]
[WhiteTeam "BEAC II"]
[BlackTeam "Zsambek"]
[WhiteTeamCountry "HUN"]
[BlackTeamCountry "HUN"]

1. e4 c6 2. d4 d5 3. Nc3 dxe4 4. Nxe4 Bf5 5. Ng3 Bg6 6. Nf3 Nd7 7. Bd3 Ngf6 8. Bxg6 hxg6 9. Qe2 Qc7 10. Ng5 e6 11. Bd2 Bd6 12. 0-0-0 0-0 13. Kb1 c5 14. dxc5 Bxc5 15. h4 Qe5 16. Qf3 Qd5 17. Qxd5 exd5 18. f3 Bf2 19. Bf4 Rfe8 20. Rhf1 Be3 21. Bxe3 Rxe3 22. Rfe1 Rae8 23. Rxe3 Rxe3 24. Kc1 b5 25. Kd2 Re8 26. Ne2 Nb6 27. b3 b4 28. Nd4 Rc8 29. Nb5 a6 30. Nd6 Rc7 31. Re1 Rd7 32. Ndxf7 Rxf7 33. Nxf7 Kxf7 34. Kd3 Nfd7 35. Kd4 a5 36. g4 Kf6 37. f4 Kf7 38. g5 Kf8 39. Re6 Kf7 40. Rd6 Ke7 41. Rxg6 Kf7 42. h5 Nc8 43. Ra6 Ne7 44. g6+ Kg8 45. Ra8+ Nf8 46. Kc5 Nf5 47. Kxd5 Ng3 48. Kd6 Nf5+ 49. Ke5 Ng3 50. Rxa5 Nxh5 51. f5 Nf6 52. Ra8 N6d7+ 53. Kd6 Nf6 54. Kc5 1-0